Tour De France Winners - Statistics

General Stats
  • This quiz has been taken 11 times
  • The average score is 37 of 105
Answer Stats
Hint Answer % Correct
1969 | 1970 | 1971 | +2 others Eddy Merckx
78%
2012 Bradley Wiggins
67%
2013 | 2015 | 2016 | 2017 Chris Froome
67%
1991 | 1992 | 1993 | +2 others Miguel Induráin
67%
1978 | 1979 | 1981 | +2 others Bernard Hinault
56%
1949 | 1952 Fausto Coppi
56%
2018 Geraint Thomas
56%
1957 | 1961 | 1962 | +2 others Jacques Anquetil
56%
2020 | 2021 | 2024 | 2025 Tadej Pogačar
56%
1975 | 1977 Bernard Thévenet
44%
1938 | 1948 Gino Bartali
44%
1986 | 1989 | 1990 Greg LeMond
44%
2022 | 2023 Jonas Vingegaard
44%
1983 | 1984 Laurent Fignon
44%
1953 | 1954 | 1955 Louison Bobet
44%
1973 Luis Ocaña
44%
1987 Stephen Roche
44%
2010 Andy Schleck
33%
2011 Cadel Evans
33%
1958 Charly Gaul
33%
1965 Felice Gimondi
33%
1980 Joop Zoetemelk
33%
1966 Lucien Aimar
33%
1907 | 1908 Lucien Petit-Breton
33%
1976 Lucien Van Impe
33%
1988 Pedro Delgado
33%
2014 Vincenzo Nibali
33%
2007 | 2009 Alberto Contador
22%
1931 | 1934 Antonin Magne
22%
1996 Bjarne Riis
22%
2008 Carlos Sastre
22%
2019 Egan Bernal
22%
1959 Federico Bahamontes
22%
1950 Ferdinand Kübler
22%
1951 Hugo Koblet
22%
1968 Jan Janssen
22%
1997 Jan Ullrich
22%
1947 Jean Robic
22%
1998 Marco Pantani
22%
1903 Maurice Garin
22%
2006 Óscar Pereiro
22%
1930 | 1932 André Leducq
11%
1919 | 1922 Firmin Lambot
11%
1909 François Faber
11%
1960 Gastone Nencini
11%
1933 Georges Speicher
11%
1911 Gustave Garrigou
11%
1904 Henri Cornet
11%
1923 Henri Pélissier
11%
1920 Léon Scieur
11%
1905 Louis Trousselier
11%
1926 Lucien Buysse
11%
1929 Maurice De Waele
11%
1910 Octave Lapize
11%
1912 Odile Defraye
11%
1924 | 1925 Ottavio Bottecchia
11%
1913 | 1914 | 1921 Philippe Thys
11%
1906 René Pottier
11%
1937 Roger Lapébie
11%
1967 Roger Pingeon
11%
1956 Roger Walkowiak
11%
1935 Romain Maes
11%
1936 | 1939 Sylvère Maes
11%
1927 | 1928 Nicolas Frantz
0%
No matching quizzes found
Score Distribution
Percent of People with Each Score
Percentile by Number Answered
Your Score History
You have not taken this quiz